The new international Webster's pocket thesaurus of the English language. (Record no. 9576)
[ view plain ]
| 000 -LEADER | |
|---|---|
| fixed length control field | 00790cam a2200265 a 4500 |
| 001 - CONTROL NUMBER | |
| JCCL Control Number | 9576 |
| 003 - CONTROL NUMBER IDENTIFIER | |
| JCCL marc code | BD-JhCC |
| 005 - DATE AND TIME OF LATEST TRANSACTION | |
| control field | 20180319202156.0 |
| 008 - FIXED-LENGTH DATA ELEMENTS--GENERAL INFORMATION | |
| fixed length control field | 180319s1998 ii d 000 0 eng |
| 020 ## - INTERNATIONAL STANDARD BOOK NUMBER | |
| International Standard Book Number | 1888777265 (hardcover ed.) |
| 035 ## - SYSTEM CONTROL NUMBER | |
| system control number | (BD-JhCC)9576 |
| 040 ## - CATALOGING SOURCE | |
| Original cataloging agency | DLC |
| Transcribing agency | DLC |
| Modifying agency | DLC |
| -- | BD-JhCC |
| 041 ## - LANGUAGE CODE | |
| Language code of Book | eng |
| 050 00 - LIBRARY OF CONGRESS CALL NUMBER | |
| Classification number | PE1591 |
| Item number | .N427 1998 |
| 082 00 - DEWEY DECIMAL CLASSIFICATION NUMBER | |
| Classification number | 423/.1 |
| DDC Edition number | 21 |
| Author mark and Year | THE 1998 |
| 245 04 - TITLE STATEMENT | |
| Title | The new international Webster's pocket thesaurus of the English language. |
| 246 30 - VARYING FORM OF TITLE | |
| Title proper/short title | Webster's pocket thesaurus |
| 250 ## - EDITION STATEMENT | |
| Edition statement | New rev. ed. |
| 260 ## - PUBLICATION, DISTRIBUTION, ETC. (IMPRINT) | |
| Place of publication, distribution, etc | [Naples, Fla.] : |
| Name of publisher, distributor, etc | Trident Press International, |
| Date of publication, distribution, etc | 1998. |
| 300 ## - PHYSICAL DESCRIPTION | |
| Pagination | 318 p. ; |
| Dimensions | 17 cm. |
| 650 #0 - SUBJECT ADDED ENTRY--TOPICAL TERM | |
| Topical term or geographic name as entry element | English language |
| General subdivision | Synonyms and antonyms. |
| 710 2# - ADDED ENTRY--CORPORATE NAME | |
| Corporate name or jurisdiction name as entry element | Trident Press International. |
| 942 ## - ADDED ENTRY ELEMENTS (KOHA) | |
| Source of classification or shelving scheme | Dewey Decimal Classification |
| Koha item type | Reference |
| Source of classification or shelving scheme | Damaged status | Not for loan | Home library | Current library | Shelving location | Total Checkouts | Full call number | Barcode | Date last seen | Copy number | Koha item type |
|---|---|---|---|---|---|---|---|---|---|---|---|
| Dewey Decimal Classification | JCC Rouf Library | JCC Rouf Library | General Stacks | 423/.1 NEW 1998 | 12815 | 03/19/2018 | C - 1 | Reference | |||
| Dewey Decimal Classification | JCC Rouf Library | JCC Rouf Library | General Stacks | 423/.1 NEW 1998 | 12816 | 03/19/2018 | C - 2 | Reference |